00628nab a2200193 uc450000100070000000500170000700800410002403500110006503500210007604000130009704100080011010000280011824500700014665000170021665000260023365000270025965000250028677301230031154974320240201132428.0990923e19990601 spa  a549743 a(OCoLC)819811594 ccomduadb aspa10aOlea, Nicolas4auteaut10aSustancia quimicas con actividad hornomal: disruptores endocrinos aEstrógenos aSustancias químicas aExposición ambiental 7aContaminantes2embne0 tRevista Brasileira de Saude Ocupacional (Brasil)gVol. 25, No. 95-96, Jun. 1999, p. 143-152w329003x0303-76570108694